00565nam a22001817a 450000500170000001000230001702000220004003500350006203700160009708200160011310000210012924500570015026000320020727000670023930000240030665000310033065000220036120190128154153.0 aB-118725 B-118772 c70.00a8174781730 aB-118725 B-118772, B-118762 bCen Lib/Ret a651.72bSUN aSundararajan, N. aArt of writing business letters /cby N.Sundararajan aChennai bSura Books c2005 bChennai a1620, 'J'Block, 16th Main Road, Anna Nagar e600 040 axvi,214 c22cm(pbk) aCommercial correspondence. aBusiness Letters